[Event "CZE-chT2E 2122"]
[Site "Czech Republic"]
[Date "2021.11.07"]
[Round "2.3"]
[White "Hosek, Martin"]
[Black "Novak, Vitezslav"]
[Result "1-0"]
[WhiteElo "2172"]
[BlackElo "1984"]
[PlyCount "121"]
[EventDate "2021.10.17"]
[EventType "team-tourn"]
[EventRounds "11"]
[EventCountry "CZE"]
[SourceTitle "EXT 2024"]
[Source "ChessBase"]
[SourceDate "2023.10.10"]
[SourceVersion "1"]
[SourceVersionDate "2023.10.10"]
[SourceQuality "1"]
[WhiteTeam "Jundrov Jezdci II"]
[BlackTeam "Brno Lokomotiva"]
[WhiteTeamCountry "CZE"]
[BlackTeamCountry "CZE"]

1. d4 d5 2. c4 e6 3. Nc3 Nf6 4. Bg5 Be7 5. Nf3 h6 6. Bh4 0-0 7. Qc2 c6 8. e3 Nbd7 9. Rc1 Re8 10. a3 dxc4 11. Bxc4 Nd5 12. Bg3 Bf6 13. 0-0 Nxc3 14. Qxc3 b6 15. Rfd1 Bb7 16. Qd3 Qe7 17. Ne5 Bxe5 18. dxe5 Nc5 19. Qd6 Ne4 20. Qxe7 Rxe7 21. f3 Nxg3 22. hxg3 Rc8 23. Rd6 Kf8 24. Rcd1 Rec7 25. Kf2 a6 26. a4 b5 27. Be2 Ke7 28. e4 Rb8 29. Ke3 Bc8 30. a5 c5 31. Kd2 f6 32. Kc3 fxe5 33. Rd8 Rbb7 34. Rg8 Kf7 35. Rdd8 Bd7 36. f4 Kg6 37. Bg4 b4+ 38. Kc2 exf4 39. gxf4 c4 40. Rb8 Ba4+ 41. Kc1 Bc6 42. Rxb7 Bxb7 43. Re8 Kf7 44. Rd8 Ke7 45. Rg8 Kd6 46. e5+ Kc5 47. Bxe6 Bxg2 48. f5 Bd5 49. Re8 Bxe6 50. Rxe6 Kd5 51. Re8 h5 52. e6 Ke5 53. Rf8 Kd6 54. Rh8 Ke7 55. Rg8 Kd6 56. Rh8 Ke5 57. Rxh5 Kf6 58. Kc2 Rc5 59. b3 g6 60. e7 Kxe7 61. f6+ 1-0

[Event "Pardubice Czech op-B 32nd"]
[Site "Pardubice"]
[Date "2021.07.30"]
[Round "8"]
[White "Fencl, Pavel"]
[Black "Novak, Vitezslav"]
[Result "0-1"]
[WhiteElo "2026"]
[BlackElo "1995"]
[PlyCount "62"]
[EventDate "2021.07.24"]
[EventType "swiss"]
[EventRounds "9"]
[EventCountry "CZE"]
[SourceTitle "EXT 2022"]
[Source "ChessBase"]
[SourceDate "2021.10.06"]
[SourceVersion "1"]
[SourceVersionDate "2021.10.06"]
[SourceQuality "1"]

1. c4 e6 2. Nc3 d5 3. cxd5 exd5 4. d4 Nf6 5. Nf3 c6 6. g3 Bd6 7. Bg2 0-0 8. 0-0 Re8 9. a3 Bf5 10. b4 a6 11. e3 Nbd7 12. Na4 b5 13. Nc5 Nb6 14. Nd2 Nc4 15. a4 Bxc5 16. bxc5 Qd7 17. Ra2 Bd3 18. Re1 Nxd2 19. Bxd2 Bc4 20. Rb2 Ne4 21. Ba5 f5 22. Qc2 Re7 23. Ra1 Rf8 24. axb5 Bxb5 25. Bf1 g5 26. Bxb5 axb5 27. Bb6 f4 28. Ra7 Qh3 29. f3 Rxa7 30. Bxa7 fxg3 31. hxg3 Rxf3 0-1

[Event "Pardubice Czech op-B 32nd"]
[Site "Pardubice"]
[Date "2021.07.28"]
[Round "6"]
[White "Krupenko, Peter"]
[Black "Novak, Vitezslav"]
[Result "1-0"]
[WhiteElo "1917"]
[BlackElo "1995"]
[PlyCount "87"]
[EventDate "2021.07.24"]
[EventType "swiss"]
[EventRounds "9"]
[EventCountry "CZE"]
[SourceTitle "EXT 2022"]
[Source "ChessBase"]
[SourceDate "2021.10.06"]
[SourceVersion "1"]
[SourceVersionDate "2021.10.06"]
[SourceQuality "1"]

1. c4 e6 2. Nc3 d5 3. cxd5 exd5 4. d4 Nf6 5. Nf3 c6 6. Qb3 Be7 7. Bg5 Nbd7 8. e3 0-0 9. Be2 Qb6 10. 0-0 Re8 11. Rfc1 Qxb3 12. axb3 Nb6 13. h3 Bf5 14. Ne5 Ne4 15. Bxe7 Rxe7 16. b4 a6 17. b5 Nxc3 18. Rxc3 axb5 19. Rxa8+ Nxa8 20. g4 Be6 21. Ra3 Nb6 22. Ra7 Nc8 23. Ra8 f6 24. Nd3 Kf7 25. Nc5 Rc7 26. Bd3 g6 27. f4 b6 28. Nxe6 Kxe6 29. Kf2 Kd7 30. h4 Ke6 31. b4 Kf7 32. Ra6 Ra7 33. Rxa7+ Nxa7 34. f5 Nc8 35. fxg6+ hxg6 36. e4 Ne7 37. Ke3 Ke6 38. Kf4 dxe4 39. Bxe4 f5 40. gxf5+ gxf5 41. Bf3 Kf6 42. h5 Nd5+ 43. Bxd5 cxd5 44. h6 1-0

[Event "CZE-ch Betsys Online Blitz"]
[Site "Chess.com INT"]
[Date "2021.04.17"]
[Round "1"]
[White "Dofek, Tomas"]
[Black "Novak, Vitezslav"]
[Result "0-1"]
[WhiteElo "1189"]
[BlackElo "1995"]
[PlyCount "92"]
[EventDate "2021.04.17"]
[EventType "swiss (blitz)"]
[EventRounds "13"]
[EventCountry "CZE"]
[SourceTitle "CBM 201 Extra"]
[Source "ChessBase"]
[SourceDate "2021.05.31"]
[SourceVersion "1"]
[SourceVersionDate "2021.05.31"]
[SourceQuality "1"]

1. e4 e6 2. d4 d5 3. e5 c5 4. c3 Nc6 5. Nf3 Bd7 6. Be2 Qb6 7. 0-0 Nge7 8. Nbd2 cxd4 9. cxd4 Nxd4 10. Nxd4 Qxd4 11. Nf3 Qxd1 12. Rxd1 Ng6 13. Be3 Be7 14. Rac1 Bc6 15. Rd3 0-0 16. Rdc3 Rfc8 17. Nd4 Bd7 18. Rxc8+ Rxc8 19. Rxc8+ Bxc8 20. f4 a6 21. Nb3 Bd7 22. g3 Kf8 23. Bc5 Ke8 24. Kf2 Bc6 25. Ke3 Nf8 26. Kd4 Nd7 27. Bxe7 Kxe7 28. Bd3 h6 29. Na5 Nb8 30. Kc5 Kd7 31. Kb6 Kc8 32. b3 Nd7+ 33. Ka7 Kc7 34. Nxc6 Kxc6 35. a4 Nc5 36. Bc2 d4 37. h4 d3 38. Kb8 dxc2 39. Kc8 c1Q 40. Kd8 Qd2+ 41. Ke8 Qd7+ 42. Kf8 f5 43. Kg8 Nxb3 44. Kh7 b5 45. Kg6 bxa4 46. Kh5 Qf7# 0-1

[Event "CZE-ch Betsys Online Blitz"]
[Site "Chess.com INT"]
[Date "2021.04.17"]
[Round "9"]
[White "Novak, Vitezslav"]
[Black "Svoboda, Karel"]
[Result "0-1"]
[WhiteElo "1995"]
[BlackElo "1962"]
[PlyCount "134"]
[EventDate "2021.04.17"]
[EventType "swiss (blitz)"]
[EventRounds "13"]
[EventCountry "CZE"]
[SourceTitle "CBM 201 Extra"]
[Source "ChessBase"]
[SourceDate "2021.05.31"]
[SourceVersion "1"]
[SourceVersionDate "2021.05.31"]
[SourceQuality "1"]

1. e4 e5 2. Nc3 Nf6 3. Bc4 d6 4. d3 Nc6 5. f4 exf4 6. Bxf4 Ne5 7. Bb3 Bg4 8. Nge2 Qd7 9. h3 Bh5 10. Qd2 Nc6 11. 0-0-0 0-0-0 12. g4 Bg6 13. Bg5 Be7 14. Rhf1 Rdf8 15. Nf4 Nd4 16. Qf2 Nxb3+ 17. axb3 Kb8 18. Bxf6 Bxf6 19. Nfd5 Bxc3 20. bxc3 f6 21. Kb2 Bf7 22. Nb4 Re8 23. Ra1 c5 24. Na2 b6 25. Nc1 d5 26. exd5 Bxd5 27. Ne2 Re7 28. Nf4 Bb7 29. Rae1 Rhe8 30. Rxe7 Rxe7 31. Re1 Qe8 32. Rxe7 Qxe7 33. d4 g5 34. Nd3 cxd4 35. Qxd4 Qe6 36. Nb4 f5 37. Qd8+ Qc8 38. Qxg5 fxg4 39. Qxg4 Qxg4 40. hxg4 Bc8 41. g5 Kc7 42. Nd5+ Kd6 43. Nf6 Bf5 44. c4 Ke5 45. Ne8 Kf4 46. Nc7 Kxg5 47. Kc3 h5 48. Kd2 h4 49. Nd5 h3 50. Ke2 h2 51. Ne7 h1Q 52. Nxf5 Kxf5 53. Kd3 Qe4+ 54. Kd2 Ke5 55. Kc3 Qd4+ 56. Kb4 a5+ 57. Kb5 Qc5+ 58. Ka6 a4 59. bxa4 Qxc4+ 60. Kxb6 Qxa4 61. Kc5 Qxc2+ 62. Kb4 Kd4 63. Kb5 Qc5+ 64. Ka6 Qb4 65. Ka7 Kc5 66. Ka8 Kc6 67. Ka7 Qb7# 0-1

[Event "CZE-chT2E 1415"]
[Site "Czech Republic"]
[Date "2015.02.22"]
[Round "8.7"]
[White "Jurak, Stanislav"]
[Black "Novak, Vitezslav"]
[Result "0-1"]
[WhiteElo "1839"]
[BlackElo "1974"]
[PlyCount "70"]
[EventDate "2014.11.02"]
[EventType "team-tourn"]
[EventRounds "11"]
[EventCountry "CZE"]
[SourceTitle "EXT 2022"]
[Source "ChessBase"]
[SourceDate "2021.10.06"]
[SourceVersion "1"]
[SourceVersionDate "2021.10.06"]
[SourceQuality "1"]
[WhiteTeam "Hustopece"]
[BlackTeam "Brno Vinohrady"]
[WhiteTeamCountry "CZE"]
[BlackTeamCountry "CZE"]

1. d4 d5 2. c4 c6 3. Nc3 Nf6 4. e3 g6 5. Nf3 Bg7 6. Be2 0-0 7. Qb3 Re8 8. 0-0 e6 9. Bd2 Nbd7 10. Rfd1 Nb6 11. cxd5 exd5 12. h3 Bf5 13. Na4 Nxa4 14. Qxa4 Ne4 15. Be1 Qe7 16. Qb4 Qd7 17. Bf1 Bf8 18. Qb3 Bd6 19. Nd2 Ng5 20. h4 Ne4 21. Nxe4 Bxe4 22. f3 Bf5 23. Qc3 Qe7 24. Bf2 g5 25. Bd3 Bxd3 26. Qxd3 gxh4 27. Qf5 Kh8 28. f4 Rg8 29. Qh3 Rg6 30. Bxh4 Qe4 31. Bf2 Rag8 32. g3 Qf3 33. Qf1 Rxg3+ 34. Bxg3 Rxg3+ 35. Kh2 Qg4 0-1

[Event "Brno Trade op-A 37th"]
[Site "Brno"]
[Date "2012.08.28"]
[Round "4"]
[White "Spodny, Josef"]
[Black "Novak, Vitezslav"]
[Result "1/2-1/2"]
[WhiteElo "2040"]
[BlackElo "1932"]
[PlyCount "28"]
[EventDate "2012.08.26"]
[EventType "swiss"]
[EventRounds "9"]
[EventCountry "CZE"]
[SourceTitle "CBM 150 Extra"]
[Source "ChessBase"]
[SourceDate "2012.10.19"]
[SourceVersion "1"]
[SourceVersionDate "2012.10.19"]
[SourceQuality "1"]

1. d4 d5 2. c4 e6 3. Nc3 Nf6 4. cxd5 exd5 5. Bg5 c6 6. e3 Bf5 7. Qf3 Bg6 8. Bxf6 Qxf6 9. Qxf6 gxf6 10. Nf3 Bd6 11. Nh4 Nd7 12. g3 0-0-0 13. Bh3 Bb4 14. Rc1 Kb8 1/2-1/2

[Event "Brno Trade op-A 37th"]
[Site "Brno"]
[Date "2012.08.26"]
[Round "2"]
[White "Hemalova, Lydie"]
[Black "Novak, Vitezslav"]
[Result "0-1"]
[WhiteElo "1573"]
[BlackElo "1932"]
[PlyCount "70"]
[EventDate "2012.08.26"]
[EventType "swiss"]
[EventRounds "9"]
[EventCountry "CZE"]
[SourceTitle "CBM 150 Extra"]
[Source "ChessBase"]
[SourceDate "2012.10.19"]
[SourceVersion "1"]
[SourceVersionDate "2012.10.19"]
[SourceQuality "1"]

1. e4 e6 2. d4 d5 3. e5 c5 4. c3 Nc6 5. Nf3 Bd7 6. Bg5 Qb6 7. b3 cxd4 8. cxd4 Bb4+ 9. Nbd2 Nxd4 10. Be2 Nxf3+ 11. Bxf3 Bb5 12. Be2 Qa6 13. Bxb5+ Qxb5 14. Qe2 Qxe2+ 15. Kxe2 Kd7 16. Rhc1 Ne7 17. Rc2 Nc6 18. Nf3 Rac8 19. Kf1 Rc7 20. Be3 h6 21. a3 Ba5 22. b4 Bb6 23. Bxb6 axb6 24. Rac1 Rhc8 25. Ke2 f6 26. exf6 gxf6 27. b5 Na5 28. Rxc7+ Rxc7 29. Rxc7+ Kxc7 30. Kd3 Nc4 31. a4 Nb2+ 32. Kd4 Nxa4 33. Nh4 Kd6 34. Ng6 e5+ 35. Ke3 Nc3 0-1

[Event "Brno Trade op-A 37th"]
[Site "Brno"]
[Date "2012.08.26"]
[Round "1"]
[White "Novak, Vitezslav"]
[Black "Dambrauskas, Virginijus A"]
[Result "0-1"]
[WhiteElo "1932"]
[BlackElo "2322"]
[PlyCount "62"]
[EventDate "2012.08.26"]
[EventType "swiss"]
[EventRounds "9"]
[EventCountry "CZE"]
[SourceTitle "CBM 150 Extra"]
[Source "ChessBase"]
[SourceDate "2012.10.19"]
[SourceVersion "1"]
[SourceVersionDate "2012.10.19"]
[SourceQuality "1"]

1. e4 c5 2. c3 Nf6 3. e5 Nd5 4. Bc4 e6 5. d3 d6 6. f4 Nc6 7. Nf3 Be7 8. 0-0 b6 9. Qe2 0-0 10. Na3 a6 11. Nc2 b5 12. Bxd5 exd5 13. d4 Bf5 14. Be3 c4 15. Nce1 b4 16. h3 bxc3 17. bxc3 Qa5 18. Bd2 Rab8 19. g4 Be4 20. f5 Rb2 21. Qe3 dxe5 22. Bc1 Rb7 23. dxe5 Nxe5 24. Nd4 Qb6 25. Qg3 Nc6 26. Be3 Bc5 27. Rd1 Nxd4 28. cxd4 Bd6 29. Qf2 f6 30. Ng2 Qb2 31. Rd2 Qa3 0-1

[Event "Brno Trade op"]
[Site "Brno"]
[Date "2007.09.01"]
[Round "7"]
[White "Novak, Vitezslav"]
[Black "Nemec, Miloslav"]
[Result "1/2-1/2"]
[WhiteElo "1896"]
[BlackElo "2020"]
[PlyCount "45"]
[EventDate "2007.08.26"]
[EventType "swiss"]
[EventRounds "7"]
[EventCountry "CZE"]
[SourceTitle "EXT 2008"]
[Source "ChessBase"]
[SourceDate "2007.11.25"]
[SourceVersion "1"]
[SourceVersionDate "2007.11.25"]
[SourceQuality "1"]

1. e4 c5 2. c3 Nf6 3. d3 Nc6 4. f4 d6 5. Nf3 Qc7 6. Be2 e6 7. 0-0 Be7 8. h3 0-0 9. Be3 Rd8 10. Nbd2 b6 11. Nh2 Ba6 12. Qe1 d5 13. e5 Ne8 14. d4 Bxe2 15. Qxe2 cxd4 16. cxd4 Rac8 17. a3 Na5 18. Qg4 g6 19. f5 exf5 20. Rxf5 Ng7 21. Rf2 Qd7 22. Raf1 Qxg4 23. hxg4 1/2-1/2

[Event "Brno Trade op"]
[Site "Brno"]
[Date "2006.08.28"]
[Round "2"]
[White "Novak, Vitezslav"]
[Black "Holemar, David"]
[Result "0-1"]
[WhiteElo "1840"]
[BlackElo "2286"]
[PlyCount "68"]
[EventDate "2006.08.27"]
[EventType "swiss"]
[EventRounds "9"]
[EventCountry "CZE"]
[SourceTitle "EXT 2007"]
[Source "ChessBase"]
[SourceDate "2006.11.23"]
[SourceVersion "1"]
[SourceVersionDate "2006.11.23"]
[SourceQuality "1"]

1. e4 Nc6 2. Nc3 e5 3. Nf3 Nf6 4. Bc4 Nxe4 5. Nxe4 d5 6. Bxd5 Qxd5 7. Qe2 Bg4 8. Nc3 Qd6 9. 0-0 0-0-0 10. Nb5 Qg6 11. Qe3 a6 12. Na7+ Nxa7 13. Nxe5 Qf5 14. Nxg4 Nc6 15. Qh3 Nd4 16. Ne5 Qxh3 17. gxh3 Rd5 18. Nxf7 Rg8 19. f4 Nxc2 20. Rb1 Nb4 21. a3 Nd3 22. b4 Rf5 23. Ne5 Nxf4 24. Bb2 Nxh3+ 25. Kh1 Rf2 26. Rxf2 Nxf2+ 27. Kg2 Ne4 28. d3 Nf6 29. Rc1 Bd6 30. Nc4 Bf4 31. Rf1 Nd5 32. Rf3 Re8 33. Rf2 g5 34. h3 h5 0-1

[Event "Brno Dedek Memorial-B"]
[Site "Brno"]
[Date "2004.01.29"]
[Round "7"]
[White "Novak, Vitezslav"]
[Black "Kopkan, Pavel"]
[Result "1-0"]
[WhiteElo "1637"]
[BlackElo "1889"]
[PlyCount "114"]
[EventDate "2004.01.06"]
[EventType "tourn"]
[EventRounds "9"]
[EventCountry "CZE"]
[SourceTitle "EXT 2006"]
[Source "ChessBase"]
[SourceDate "2005.11.24"]
[SourceVersion "1"]
[SourceVersionDate "2005.11.24"]
[SourceQuality "1"]

1. e4 d5 2. exd5 Nf6 3. d4 Nxd5 4. Nf3 Bf5 5. c3 e6 6. Be2 c5 7. 0-0 Nc6 8. Bb5 Qb6 9. Qa4 f6 10. Nbd2 a6 11. Bxc6+ bxc6 12. Nb3 Bc2 13. Re1 Kf7 14. Qa5 Bxb3 15. Qxb6 Nxb6 16. axb3 g5 17. dxc5 Bxc5 18. b4 Bd6 19. Nd4 c5 20. bxc5 Bxc5 21. Be3 e5 22. Nc2 Rhc8 23. Ra5 Nd7 24. Rea1 Bxe3 25. Nxe3 Nc5 26. Rd1 e4 27. Rd6 Rab8 28. Nd5 Rxb2 29. Rxf6+ Kg7 30. g3 Rd2 31. Rf5 h6 32. Ne7 Re8 33. Rfxc5 Rxe7 34. Rxa6 Rf7 35. Rcc6 Rdxf2 36. Rg6+ Kf8 37. Ra8+ Ke7 38. Ra7+ Ke8 39. Rg8+ Rf8 40. Ra8+ Ke7 41. Rgxf8 Rxf8 42. Rxf8 Kxf8 43. Kf2 h5 44. Ke3 Ke7 45. Kxe4 Ke6 46. c4 h4 47. g4 Kf6 48. c5 Ke6 49. c6 Kd6 50. Kf5 Kxc6 51. Kxg5 h3 52. Kh4 Kd5 53. Kxh3 Ke4 54. Kg3 Ke5 55. h4 Kf6 56. Kf4 Kg6 57. h5+ Kf6 1-0

[Event "Brno Dedek Memorial-B"]
[Site "Brno"]
[Date "2004.01.27"]
[Round "6"]
[White "Komprda, Pavel"]
[Black "Novak, Vitezslav"]
[Result "1-0"]
[WhiteElo "2037"]
[BlackElo "1637"]
[PlyCount "115"]
[EventDate "2004.01.06"]
[EventType "tourn"]
[EventRounds "9"]
[EventCountry "CZE"]
[SourceTitle "EXT 2006"]
[Source "ChessBase"]
[SourceDate "2005.11.24"]
[SourceVersion "1"]
[SourceVersionDate "2005.11.24"]
[SourceQuality "1"]

1. e4 e6 2. d4 d5 3. Nd2 dxe4 4. Nxe4 Nd7 5. Nf3 Ngf6 6. Bd3 Be7 7. 0-0 0-0 8. c3 b6 9. Re1 Bb7 10. Ng3 c5 11. Be3 Nd5 12. Bd2 cxd4 13. Nxd4 Nc5 14. Bc2 Bf6 15. Qh5 g6 16. Qg4 Bg7 17. Rad1 f5 18. Qh3 e5 19. Nb3 Ne6 20. Nxf5 gxf5 21. Bxf5 Ng5 22. Bxg5 Qxg5 23. Be6+ Kh8 24. Bxd5 Bxd5 25. Rxd5 Qf6 26. Qe3 Rae8 27. Nd2 Qf7 28. c4 Bh6 29. Qe2 e4 30. Nf1 Re6 31. Ne3 Bxe3 32. Qxe3 Rf6 33. Qc3 Qg7 34. h4 Rxf2 35. Qxg7+ Kxg7 36. Rd7+ Kg6 37. Rxe4 Rxb2 38. Rxa7 Kf5 39. Re3 Rc8 40. Rf3+ Ke5 41. Rxh7 Rxc4 42. a3 Rg4 43. Rf2 Rb1+ 44. Kh2 Ra1 45. Rf3 Ra2 46. Rg3 Rxg3 47. Kxg3 Rxa3+ 48. Kg4 Ra4+ 49. Kg5 Ra8 50. g4 Rg8+ 51. Kh5 b5 52. g5 b4 53. Rb7 Kf5 54. Rb5+ Kf4 55. Rxb4+ Kf5 56. Rb5+ Kf4 57. Rb6 Rh8+ 58. Kg6 1-0

[Event "CZE-ch U16"]
[Site "Volyne"]
[Date "2003.??.??"]
[Round "?"]
[White "Novak, Vitezslav"]
[Black "Vrana, Jan"]
[Result "0-1"]
[WhiteElo "1597"]
[BlackElo "2103"]
[PlyCount "48"]
[EventDate "2003.??.??"]
[EventType "swiss"]
[EventRounds "9"]
[EventCountry "CZE"]
[SourceTitle "EXT 2005"]
[Source "ChessBase"]
[SourceDate "2004.11.15"]
[SourceVersion "1"]
[SourceVersionDate "2004.11.15"]
[SourceQuality "1"]

1. e4 e5 2. Nf3 Nf6 3. Nxe5 d6 4. Nf3 Nxe4 5. Nc3 Nxc3 6. dxc3 Be7 7. Bf4 0-0 8. Bd3 Nd7 9. Qd2 Nc5 10. 0-0-0 Nxd3+ 11. Qxd3 Be6 12. h4 Qd7 13. Ng5 Bf5 14. Qe2 Qa4 15. c4 Qxa2 16. g4 Bxg5 17. Bxg5 Rfe8 18. Be3 Be6 19. b3 b5 20. cxb5 Bxb3 21. Qd3 Bc4 22. Qf5 Re5 23. Qf4 Qa1+ 24. Kd2 Rd5+ 0-1

[Event "CZE-ch U16"]
[Site "Volyne"]
[Date "2003.??.??"]
[Round "?"]
[White "Tyle, Jan"]
[Black "Novak, Vitezslav"]
[Result "0-1"]
[WhiteElo "1869"]
[BlackElo "1597"]
[PlyCount "63"]
[EventDate "2003.??.??"]
[EventType "swiss"]
[EventRounds "9"]
[EventCountry "CZE"]
[SourceTitle "EXT 2005"]
[Source "ChessBase"]
[SourceDate "2004.11.15"]
[SourceVersion "1"]
[SourceVersionDate "2004.11.15"]
[SourceQuality "1"]

1. e4 e5 2. Nf3 Nc6 3. Bc4 Nf6 4. d3 d6 5. h3 h6 6. Nc3 Be7 7. Be3 0-0 8. Qd2 Kh7 9. g4 Ng8 10. 0-0-0 Be6 11. Bb3 Bxb3 12. axb3 f6 13. Rdg1 Nb4 14. h4 d5 15. exd5 Nxd5 16. Rh3 Nxe3 17. Qxe3 g6 18. g5 h5 19. gxf6 Bxf6 20. Ng5+ Bxg5 21. Rxg5 Qd4 22. Rxe5 Qf4 23. Nd1 Qxe3+ 24. fxe3 Rae8 25. Rxe8 Rxe8 26. Rf3 Kg7 27. Nf2 Nf6 28. e4 c5 29. Kd2 Nd7 30. Kc3 Ne5 31. Rf4 Rf8 32. Nh3 0-1